00281nam a2200121Ia 4500008004100000041000800041082001200049100002000061245002100081260002600102300002400128365000700152240624s9999 xx 000 0 und d aeng a828 SAC aSACHAU EDWARD C aALBERUNI S INDIA c2002aNew DelhibRupa a820 : p. : cm. ; 28 cRS